Southville International School and Colleges
Your cart is empty.
  • Cart
  • Lists
    Public lists Eva Luna New books Lux_list list_1
    Your lists Log in to create your own lists
  • Log in to your account
  • Your cookies
  • Search history
Southville International School and Colleges
  • Advanced search
  • Recent comments
  • Most popular
  • Libraries

Log in to your account

Log in with GOOGLE


If you do not have an external account, but do have a local account, you can still log in:

  1. Home
  2. MARC view: The beginner's guide to drawing cartoons :a step-by-step guide to drawing fantastic cartoons /
Normal view MARC view ISBD view

The beginner's guide to drawing cartoons :a step-by-step guide to drawing fantastic cartoons / (Record no. 344853)

[ view plain ]
MARC details
000 -LEADER
fixed length control field 00920nam a2200313Ia 4500
008 - FIXED-LENGTH DATA ELEMENTS--GENERAL INFORMATION
fixed length control field 171025s9999 xx 000 0 und d
020 ## - INTERNATIONAL STANDARD BOOK NUMBER
International Standard Book Number 1842732390
050 ## - LIBRARY OF CONGRESS CALL NUMBER
Classification number 741.5
050 ## - LIBRARY OF CONGRESS CALL NUMBER
Item number D257 2001
100 ## - MAIN ENTRY--PERSONAL NAME
Personal name Davies, Paul B.
245 #4 - TITLE STATEMENT
Title The beginner's guide to drawing cartoons :a step-by-step guide to drawing fantastic cartoons /
245 ## - TITLE STATEMENT
Statement of responsibility, etc by Paul B. Davies, Kevin Faerber, Terry Longhurst and David Pattison.
260 ## - PUBLICATION, DISTRIBUTION, ETC. (IMPRINT)
Place of publication, distribution, etc London :
260 ## - PUBLICATION, DISTRIBUTION, ETC. (IMPRINT)
Name of publisher, distributor, etc Marks and Spencer,
260 ## - PUBLICATION, DISTRIBUTION, ETC. (IMPRINT)
Date of publication, distribution, etc 2001
300 ## - PHYSICAL DESCRIPTION
Extent unpages :
300 ## - PHYSICAL DESCRIPTION
Other physical details colored illustrations ;
300 ## - PHYSICAL DESCRIPTION
Dimensions 29cm.
650 ## - SUBJECT ADDED ENTRY--TOPICAL TERM
Topical term or geographic name as entry element Cartooning --
650 ## - SUBJECT ADDED ENTRY--TOPICAL TERM
Topical term or geographic name as entry element Cartooning -- Technique --
650 ## - SUBJECT ADDED ENTRY--TOPICAL TERM
Topical term or geographic name as entry element Drawing -- Technique --
650 ## - SUBJECT ADDED ENTRY--TOPICAL TERM
General subdivision Juvenile literature.
650 ## - SUBJECT ADDED ENTRY--TOPICAL TERM
General subdivision Juvenile literature.
650 ## - SUBJECT ADDED ENTRY--TOPICAL TERM
General subdivision Technique.
700 ## - ADDED ENTRY--PERSONAL NAME
Personal name Faerber, Kevin.
700 ## - ADDED ENTRY--PERSONAL NAME
Personal name Longhurst, Terry.
700 ## - ADDED ENTRY--PERSONAL NAME
Personal name Pattinson, David.
700 ## - ADDED ENTRY--PERSONAL NAME
Personal name Title.
Holdings
Withdrawn status Lost status Damaged status Home library Current library Date acquired Total Checkouts Full call number Barcode Date last seen Price effective from Koha item type
      Stonyhurst Southville International School (Malarayat) Stonyhurst Southville International School (Malarayat) 10/25/2017   NF 741.5 D257 2001 SSISM3906 10/25/2017 10/25/2017 Books

The beginner's guide to drawing cartoons :a step-by-step guide to drawing fantastic cartoons /

APA

Davies P. B., Faerber K., Longhurst T., Pattinson D. & Title.The beginner's guide to drawing cartoons :a step-by-step guide to drawing fantastic cartoons. London: .

Chicago

Davies Paul B, Faerber Kevin, Longhurst Terry, Pattinson David and Title.The beginner's guide to drawing cartoons :a step-by-step guide to drawing fantastic cartoons. London: .

Harvard

Davies P. B., Faerber K., Longhurst T., Pattinson D. and Title.The beginner's guide to drawing cartoons :a step-by-step guide to drawing fantastic cartoons. London: .

MLA

Davies Paul B, Faerber Kevin, Longhurst Terry, Pattinson David and Title.London: . .

  • Place hold
  • Print
  • Cite
  • Add to your cart (remove)
  • Save record
    BIBTEX Dublin Core MARCXML MARC (non-Unicode/MARC-8) MARC (Unicode/UTF-8) MARC (Unicode/UTF-8, Standard) MODS (XML) RIS
  • More searches
    Search for this title in:
    Other Libraries (WorldCat) Other Databases (Google Scholar) Online Stores (Bookfinder.com) Open Library (openlibrary.org)

Exporting to Dublin Core...

SOUTHVILLE LIBRARY

Southville International School and Colleges Library

1281 Tropical Ave. Cor. Luxembourg St., BF Homes International, Las Pinas City

Tel. No. 8256374 / 252358 Loc. 117/146

Powered by Koha